=LDR 00000nam 2200000 4500 =001 INLIS000000000010619 =005 20240430013908 =035 ##$$a 0010-0424000179 =007 ta =008 240430################g##########0#ind## =020 ##$$a 978-602-19198-3-5 =082 ##$$a 899.2217 =084 ##$$a 899.2217 KOL t =100 #$$a KOLELL =245 1#$$a Tebak-Tebakan Gokil Dosis Tinggi /$c Kolell =250 ##$$a Cet. 1 =260 ##$$a Jakarta :$b Agogos Publishing,$c 2011 =300 ##$$a iv, 116 halaman : $b gambar ; $c 11x18 cm =650 #4$$a Humor Indonesia =650 #4$$a Sumbangan Pegawai 2024 =520 ##$$a Buku ini berisi beberapa tebak-tebakan, pantun humor, cerita humor, kamus emoticon / ekspresi sms, kamus singkatan gaul (Inggris-Indonesia), daftar singkatan gaul (Inggris-Indonesia). Tebak-tebakan misalnya Game apa yang sangat mengerikan? Gamepa bumi (gempa bumi). Pantun Humor contohnya Jalan-jalan ke padang pasir, Jangan lupa membeli sisir, kalau ada cewek yang ditaksir jalannya cengar-cengir. =856 ##$$a OPAC (Rak Pojok Baca Perpustakaan-TIA) =990 ##$$a 28/SP-24